Normale Ansicht MARC-Ansicht ISBD

Eindämmungsverodrdnung anno 1576 (Titelsatznr. 80476)

[ MARC ]
MARC-Details
000 -Satzkennung
Kontrollfeld mit fester Länge 00764nam a22001577a 4500
008 - Feld mit fester Länge zur physischen Beschreibung - Allgemeine Angaben
Kontrollfeld mit fester Länge 201130b ||||| |||| 00| 0 eng d
040 ## - Katalogisierungsquelle
Katalogisierungssprache ger
Übertragungsstelle STAFF
Beschreibungsfestlegungen rda
Original-Katalogisierungsstelle ISIL EINTRAGEN
041 ## - Sprachcode
Sprachcode des Textes/der Tonspur oder des separaten Titels ger
100 ## - Person oder Familie als 1. geistiger Schöpfer
Personenname Gutke, Thomas:
245 ## - Titel
Haupttitel Eindämmungsverodrdnung anno 1576
Titelzusatz Geschichte: in der frühen Neuzeit gehörten Epidemien in Frankfurt zum Alltag. Doch schicksalsergeben sah man den Krankheitswellen nicht entgegen. Das zeigen Ratsprotokolle, die Viadrina-Historiker Gotthard Kemmether ausgewertet hat/
Verantwortlichkeitsangabe Thomas Gutke
773 ## - Übergeordnete Einheit
Ort, Verlag und Erscheinungsjahr Frankfurt (Oder): Märkisches Verlags- und Druckhaus GmbH & Co KG
Verknüpfungsangaben 31. Jahrgang (2020) Nr. 300 vom 24.12.2020, Seite 18
Titel Märkische Oderzeitung
942 ## - Zusätzliche Felder (Koha)
Koha-Medientyp Aufsätze
Exemplare
Ausgeschieden Verloren Beschädigt Nicht entleihbar Permanenter Standort Aktueller Standort Aufstellungsort Eingabedatum Anzahl Ausleihen Signatur Letzte Aktivität Preis gültig von Medientyp
        Stadtarchiv Frankfurt (Oder) | Archivbibliothek Stadtarchiv Frankfurt (Oder) | Archivbibliothek Magazin 29/12/2020   Z2 29/12/2020 29/12/2020 Aufsätze